000 00807nam a2200217 i 4500
001 81370
003 ES-MaACL
005 20251002202600.0
007 t|
008 041104s1970 sp |||| | spa d
100 1 _aHughes, John B.
_964613
245 1 0 _aArte y sentido de Martín Fierro /
_cJohn B. Hughes.
260 _aMadrid :
_bCastalia,
_c[1970]
300 _a195 p., 1 lám. ;
_c23 cm.
490 1 _aPublicaciones del Departamento de Lengua y Literatura Románicas de la Universidad de Princeton
600 1 7 _aHernández, José,
_d1834-1886.
_tMartín Fierro
_2
_9168608
710 2 _aPrinceton University.
_96256
830 1 _aPublicaciones del Departamento de Lengua y Literatura Románicas de la Universidad de Princeton
_9231532
852 _aES-MaACL
_jC-44083
999 _c81370
_d81370